অসীমের স্পন্দ : (Record no. 39436)
[ view plain ]
| 000 -LEADER | |
|---|---|
| fixed length control field | 01030nam a2200241 a 4500 |
| 001 - CONTROL NUMBER | |
| control field | 39436 |
| 003 - CONTROL NUMBER IDENTIFIER | |
| rucl marc code | BD-RjUL |
| 005 - DATE AND TIME OF LATEST TRANSACTION | |
| control field | 20211209053006.0 |
| 008 - FIXED-LENGTH DATA ELEMENTS--GENERAL INFORMATION | |
| fixed length control field | 160411b1995 bg a|||e |||| 00| 0 ben d |
| 020 ## - INTERNATIONAL STANDARD BOOK NUMBER | |
| International Standard Book Number | 984050150x |
| Terms of availability | tk. 110.00 |
| 035 ## - SYSTEM CONTROL NUMBER | |
| System control number | (BD-RjUL)39549 |
| 040 ## - CATALOGING SOURCE | |
| Original cataloging agency | BD-RjUL |
| Language of cataloging | ben |
| Transcribing agency | BD-RjUL |
| 041 ## - LANGUAGE CODE | |
| Language code of text/sound track or separate title | ben |
| 082 ## - DEWEY DECIMAL CLASSIFICATION NUMBER | |
| Edition number | 23 |
| Classification number | 891.4409 |
| Author mark and year | RAA 1995 |
| 100 ## - MAIN ENTRY--PERSONAL NAME | |
| Personal name | রহমান, আনিসুর |
| 9 (RLIN) | 121559 |
| 245 10 - TITLE STATEMENT | |
| Title | অসীমের স্পন্দ : |
| Remainder of title | রবীন্দ্রসঙ্গীত বোধ ও সাধনা / |
| Statement of responsibility, etc. | আনিসুর রহমান |
| 260 ## - PUBLICATION, DISTRIBUTION, ETC. (IMPRINT) | |
| Place of publication, distribution, etc. | ঢাকা : |
| Name of publisher, distributor, etc. | ইউনিভার্সিটি প্রেস, |
| Date of publication, distribution, etc. | ১৯৯৫. |
| 300 ## - PHYSICAL DESCRIPTION | |
| Pagination | [১৬], ১৪০ পৃ. : |
| Illustrations | চিত্র. ; |
| Size | ২০ সেমি. |
| 504 ## - BIBLIOGRAPHY, ETC. NOTE | |
| Bibliography, etc | গ্রন্থপঞ্জি সংযুক্ত |
| 650 ## - SUBJECT ADDED ENTRY--TOPICAL TERM | |
| Topical term or geographic name as entry element | বাংলা সাহিত্য |
| General subdivision | ইতিহাস ও সমালোচনা |
| 9 (RLIN) | 118060 |
| Topical term or geographic name as entry element | Benglai literature |
| General subdivision | History & criticism |
| 9 (RLIN) | 121560 |
| 942 ## - ADDED ENTRY ELEMENTS (KOHA) | |
| Source of classification or shelving scheme | Dewey Decimal Classification |
| Koha item type | Books |
| Lost status | Source of classification or shelving scheme | Damaged status | Not for loan | Collection code | Permanent Location | Current Location | Shelving location | Date acquired | Source of acquisition | Cost, normal purchase price | Total Checkouts | Full call number | Date last seen | Copy number | Koha item type |
|---|---|---|---|---|---|---|---|---|---|---|---|---|---|---|---|
| Dewey Decimal Classification | Not For Loan | Non-fiction | Central Library, University of Rajshahi | Central Library, University of Rajshahi | Reading Room | 23/12/2013 | Prothoma Prokashon, dhaka | 110.00 | B 891.4409 RAA 1995 | 11/04/2016 | C-1 | Books | |||
| Dewey Decimal Classification | Non-fiction | Central Library, University of Rajshahi | Central Library, University of Rajshahi | 23/12/2013 | Prothoma Prokashon, dhaka | 110.00 | B 891.4409 RAA 1995 | 11/04/2016 | C-2 | Books | |||||
| Dewey Decimal Classification | Non-fiction | Central Library, University of Rajshahi | Central Library, University of Rajshahi | 23/12/2013 | Prothoma Prokashon, dhaka | 110.00 | B 891.4409 RAA 1995 | 11/04/2016 | C-3 | Books |